00665 2200241 4500001002100000005001500021035002000036007000300056008004100059020002200100082001100122084001700133100002100150245006400171260004400235300003600279650002100315700002200336520003000358250001100388990001200399990001200411INLIS00000000000151420220131124743 a0010-0218000109ta220131 g 0 ind  a978-602-02-6518-6 a611.63 a611.63 SRI s0 aSRIKANDI, Waluyo1 a100 Questions & Answer /cSrikandi Waluyo, Budhi Marhaendra aJakarta :bElex Media Komputindo,c2015 axiv, 140 hlm. :bilus. ;c21 cm 4aKELENJAR PROSTAT0 aBUDHI, Marhaendra abibliografi: hlm. 139-140 aCet. 1 a16411 a a16411 b